La España del siglo XIX
Salvato in:
| Autore principale: | |
|---|---|
| Natura: | Libro |
| Lingua: | spagnolo |
| Pubblicazione: |
Barcelona
Laia
1980
|
| Edizione: | 13a. ed |
| Soggetti: | |
| Tags: |
Aggiungi Tag
Nessun Tag, puoi essere il primo ad aggiungerne!!
|
MARC
| LEADER | 00000nam a2200000 a 4500 | ||
|---|---|---|---|
| 001 | UCQ7134 | ||
| 003 | CL-VaPUC | ||
| 008 | 981031e19800000SP |||||||||||||||||spa|d | ||
| 082 | 0 | 4 | |a 946.07 |b TUÑ |2 21 |
| 100 | 0 | |a Tuñón de Lara, Manuel |e author |9 420972 | |
| 245 | 1 | 3 | |a La España del siglo XIX |
| 250 | |a 13a. ed | ||
| 300 | |a 2 v | ||
| 942 | |c BK | ||
| 945 | |d 19981031 00:00:00 |a crobeson | ||
| 260 | |a Barcelona |b Laia |c 1980 | ||
| 500 | |a v.1: De las cortes de Cádiz a la primera república | ||
| 500 | |a v.2: De la primera república a la crisis del 98 | ||
| 650 | 7 | |a HISTORIA DE ESPAÑA SIGLO 19 |2 CL-VaPUC |9 391806 | |
| 651 | 0 | |a España |9 254926 | |
| 583 | |a last modification |c 19981031 00:00:00 |k Rodrigo Vera | ||
| 999 | |c 276896 |d 276894 | ||
| 952 | |0 0 |1 0 |4 0 |6 946_070000000000000_TUÑ_1980 |7 0 |8 A |9 314496 |a BIBEDU |b BIBEDU |d 2019-11-20 |h v.1 |i 1486772 |o 946.07 TUÑ 1980 |p 1486772 |r 2019-11-20 |w 2019-11-20 |y BK |k LIT | ||
| 952 | |0 0 |1 0 |4 0 |6 946_070000000000000_TUÑ_1980 |7 0 |8 A |9 314497 |a BIBEDU |b BIBEDU |d 2019-11-20 |h v.2 |i 1486780 |o 946.07 TUÑ 1980 |p 1486780 |r 2019-11-20 |w 2019-11-20 |y BK |k LIT | ||